000 00574cam a2200205 a 4500
001 000019772
005 20200929170132.0
008 100706s1981 sp 000 0 spa
020 _a843020069-X
040 _aDO-SdBNP
_bspa
_cBNPHU
082 _a153.12
_bS844p
100 1 _aStevens, E. W.
_942237
245 1 3 _aEl poder y la clave de la memoria /
_cE. W. Stevens ; traducción A. Albert.
250 _a8a ed.
260 _aBarcelona :
_bSintes,
_c1981.
300 _a87 p. ;
_c17 cm.
650 4 _aMemoria
_940852
700 1 _aAlbert, A.
_etr.
_942238
049 _aBNGR
999 _c19286
_d19286